000 00370nam a2200145Ia 4500
008 230711s9999||||xx |||||||||||||| ||und||
041 _aENG
082 _a620.1064
_bKG-F
100 _aK.G Ranga Raju
245 0 _aFlow through open channels
250 _a1st
260 _c1981
_aNew Delhi
_bTata McGraw Hill Education Limited
650 _aCivil Engineering
942 _cBK
999 _c663
_d663